00450nam a2200181 a 4500001001300000003000900013005001700022008004100039020001000080082001300090100001800103245003300121260003700154300000800191500003500199650001600234700001800250nice12345678IN_TiNIC20260116014320.0070626s0000 bana grd 000 0 eng  ac25000a361bMAT aMathur, Raina aIn the Name of Medicine (CD) aBangalore bVisual Search c0000 a00p aincludes index and biblioraphy aHealth Care1 aMathur, Raina